Nursing ethics : (Record no. 19834)
[ view plain ]
| 000 -LEADER | |
|---|---|
| fixed length control field | 01517cam a22002895a 4500 |
| 001 - CONTROL NUMBER | |
| control field | 16953094 |
| 005 - DATE AND TIME OF LATEST TRANSACTION | |
| control field | 20151022103234.0 |
| 008 - FIXED-LENGTH DATA ELEMENTS--GENERAL INFORMATION | |
| fixed length control field | 110907t2013 mau frbd 001 0 eng d |
| 020 ## - INTERNATIONAL STANDARD BOOK NUMBER | |
| International Standard Book Number | 9781449649005 |
| 040 ## - CATALOGING SOURCE | |
| Original cataloging agency | DNLM/DLC |
| Language of cataloging | eng |
| Transcribing agency | DLC |
| Modifying agency | EG-ScBUE |
| 082 04 - DEWEY DECIMAL CLASSIFICATION NUMBER | |
| Classification number | 174.29073 |
| Item number | BUT |
| Edition number | 22 |
| 100 1# - MAIN ENTRY--PERSONAL NAME | |
| Personal name | Butts, Janie B. |
| 9 (RLIN) | 38545 |
| 245 10 - TITLE STATEMENT | |
| Title | Nursing ethics : |
| Remainder of title | across the curriculum and into practice / |
| Statement of responsibility, etc | Janie B. Butts, Karen L. Rich. |
| 250 ## - EDITION STATEMENT | |
| Edition statement | 3rd ed. |
| 260 ## - PUBLICATION, DISTRIBUTION, ETC. (IMPRINT) | |
| Place of publication, distribution, etc | Burlington : |
| Name of publisher, distributor, etc | Jones & Bartlett Learning, |
| Date of publication, distribution, etc | c.2013. |
| 300 ## - PHYSICAL DESCRIPTION | |
| Extent | xvii, 467 p. ; |
| Dimensions | 23 cm. |
| 500 ## - GENERAL NOTE | |
| General note | Online Access code is required to access the student's companion website to get numerous interactive learning resources from this website http://go.jblearning.com/butts |
| 500 ## - GENERAL NOTE | |
| General note | Glossary : p. 445-456. |
| 500 ## - GENERAL NOTE | |
| General note | Index : p. 457-467. |
| 504 ## - BIBLIOGRAPHY, ETC. NOTE | |
| Bibliography, etc | Includes bibliographical references. |
| 505 0# - FORMATTED CONTENTS NOTE | |
| Formatted contents note | Introduction to ethics -- Introduction to bioethics and ethical decision-making -- Ethics in professional nursing practice -- Reproductive issues and nursing ethics -- Infant and child nursing ethics -- Adolescent nursing ethics -- Adult health nursing ethics -- Ethics and the nursing care of elders -- Ethical issues in end-of-life nursing care -- Psychiatric/mental health nursing ethics -- Public health nursing ethics -- Ethics in organizations and leadership. |
| 650 #7 - SUBJECT ADDED ENTRY--TOPICAL TERM | |
| Topical term or geographic name as entry element | Nursing ethics. |
| Source of heading or term | BUEsh |
| 9 (RLIN) | 23551 |
| 651 ## - SUBJECT ADDED ENTRY--GEOGRAPHIC NAME | |
| Source of heading or term | BUEsh |
| 653 ## - INDEX TERM--UNCONTROLLED | |
| Resource For college | Nursing |
| Arrived date list | June2015 |
| -- | October2015 |
| 700 1# - ADDED ENTRY--PERSONAL NAME | |
| Personal name | Rich, Karen L. |
| 942 ## - ADDED ENTRY ELEMENTS (KOHA) | |
| Source of classification or shelving scheme | Dewey Decimal Classification |
| Call number prefix | 174.29073 BUT |
| Withdrawn status | Lost status | Source of classification or shelving scheme | Damaged status | Not for loan | Koha collection | Home library | Current library | Shelving location | Date acquired | Source of acquisition | Cost, normal purchase price | Serial Enumeration / chronology | Total Checkouts | Full call number | Barcode | Date last seen | Date last borrowed | Cost, replacement price | Koha item type |
|---|---|---|---|---|---|---|---|---|---|---|---|---|---|---|---|---|---|---|---|
| Dewey Decimal Classification | Alahram | Central Library | Central Library | Lower Floor | 23/06/2015 | Purchase | 429.00 | 325 | 2 | 174.29073 BUT | 000038790 | 15/07/2025 | 06/03/2023 | 536.25 | Book - Borrowing |